000 00296nam a22001457a 4500
008 210323b ||||| |||| 00| 0 eng d
020 _a9780714870557
041 _aeng
080 _a7
082 _a7
100 _a44
101 _aART
245 _aJapan Style
_cPhaidon,
942 _2udc
_cBK
999 _c56680
_d56680